|
|
|
|
| LEADER |
01037nam a2200325 a 4500 |
| 001 |
000651629 |
| 003 |
CZ BrMZK |
| 005 |
20070910104608.0 |
| 008 |
030206s2002 xr e f cze d |
| 015 |
|
|
|a cnb001242859
|
| 020 |
|
|
|a 80-7214-518-5
|q (váz.)
|
| 035 |
|
|
|a (OCoLC)53273990
|
| 040 |
|
|
|a BOA001
|b cze
|
| 072 |
|
7 |
|a 133
|x Ezoterismus. Okultismus
|2 Konspekt
|9 17
|
| 080 |
|
|
|a 133.52
|2 MRF
|
| 080 |
|
|
|a 523.34
|2 MRF
|
| 080 |
|
|
|a (035)
|2 MRF
|
| 080 |
|
|
|a (059)
|2 MRF
|
| 100 |
1 |
|
|a Evanová, Eva,
|d 1934-
|7 jn19981001001
|4 aut
|
| 245 |
1 |
0 |
|a Lunární kalendář na rok 2003 /
|c Eva Evanová
|
| 250 |
|
|
|a Vyd. 1.
|
| 260 |
|
|
|a Praha :
|b Baronet,
|c 2002
|
| 300 |
|
|
|a 191 s. ;
|c 20 cm
|
| 650 |
0 |
7 |
|a astrologie
|7 ph114086
|2 czenas
|
| 650 |
0 |
7 |
|a Měsíc
|7 ph117905
|x astrologické aspekty
|2 czenas
|
| 655 |
|
7 |
|a příručky
|7 fd133209
|2 czenas
|
| 655 |
|
7 |
|a kalendáře
|7 fd132513
|2 czenas
|
| 910 |
|
|
|a BOA001
|b Z-1113.433
|
| 990 |
|
|
|a BK
|
| 996 |
6 |
|
|b 2610180780
|c Z-1113.433
|l MZK
|r Sklad / do 24 hodin
|n 0
|p p.v.
|w 000651629
|u 000010
|a 1
|e BOA001
|j MZK50
|s P
|